| 000 | 00971nam a22002057a 4500 | ||
|---|---|---|---|
| 003 | BD-DhUL | ||
| 005 | 20180711114330.0 | ||
| 008 | 180704s1999 ir ||||| |||| 00| 0 per d | ||
| 040 |
_aBD-DhUL _cBD-DhUL |
||
| 082 |
_223 _a016.891551 _bFAR |
||
| 245 | 1 | 0 |
_aفرھنگ واژہ نمای غزلیات سعدی : _bبه انضمام فرھنگ بسامدی : (براساس متن غزلیات سعدی، تصحیح حبیب یغمائ) : خ-ع : جلد ۲ / _cمھین دخت صدیقیان۔ |
| 246 | _aFarhang-e Wāzhahnumā-e Ghazaliyāt-e Sa'dī = A concordance to Sa'di's Ghazals : based on the critical edition by Habib Yaghmai : vol. 2 | ||
| 250 | _a۱ ط۔ | ||
| 260 |
_aتہران : _bپژوھشگاہ علوم انسانی و مطالعات فرھنگی، _c۱۹۹۹۔ |
||
| 300 |
_aجلد ۲ ؛ _c ۲۳ سم۔ |
||
| 650 | 4 |
_aSa'di _xConcordances. |
|
| 650 | 4 | _aPersian poetry. | |
| 700 | 1 | 0 |
_aصدیقیان، مھین دخت۔ _eCompiler |
| 942 |
_2ddc _cBK |
||
| 999 |
_c242263 _d242263 |
||